LEADER 02395oam 2200613I 450 001 9910704137403321 005 20151209142905.0 035 $a(CKB)5470000002438292 035 $a(OCoLC)886560195 035 $a(EXLCZ)995470000002438292 100 $a20140812d1986 ua 0 101 0 $aeng 135 $aurmn||||||||| 181 $ctxt$2rdacontent 182 $cc$2rdamedia 183 $acr$2rdacarrier 200 10$aMineral resources of the Papa Keal and Zapata Creek wilderness study areas, Alamosa County, Colorado /$fby Bruce R. Johnson and Jerry R. Hassemer and Brian J. Hannigan 210 1$a[Reston, Va.] :$cDepartment of the Interior, U.S. Geological Survey,$d1986. 210 2$aWashington :$cUnited States Government Printing Office. 215 $a1 online resource (v, 6 pages, 1 page of plates) $cmaps 225 1 $aU.S. Geological Survey bulletin ;$v1716-D 225 1 $aMineral resources of wilderness study areas--south-central Colorado ;$vch. D 225 1 $aStudies related to wilderness--Bureau of Land Management wilderness study areas 300 $aTitle from title screen (viewed Aug. 11, 2014). 320 $aIncludes bibliographical references. 606 $aMines and mineral resources$zColorado$zPapa Keal Wilderness 606 $aMines and mineral resources$zColorado$zZapata Creek Wilderness 606 $aGeology$zColorado$zPapa Keal Wilderness 606 $aGeology$zColorado$zZapata Creek Wilderness 606 $aGeology$2fast 606 $aMines and mineral resources$2fast 607 $aPapa Keal Wilderness (Colo.) 607 $aZapata Creek Wilderness (Colo.) 607 $aColorado$zPapa Keal Wilderness$2fast 607 $aColorado$zZapata Creek Wilderness$2fast 615 0$aMines and mineral resources 615 0$aMines and mineral resources 615 0$aGeology 615 0$aGeology 615 7$aGeology. 615 7$aMines and mineral resources. 700 $aJohnson$b Bruce R.$0293440 702 $aHassemer$b Jerry R. 702 $aHannigan$b Brian J. 712 02$aGeological Survey (U.S.), 801 0$bCOP 801 1$bCOP 801 2$bOCLCO 801 2$bOCLCF 801 2$bGPO 906 $aBOOK 912 $a9910704137403321 996 $aMineral resources of the Papa Keal and Zapata Creek wilderness study areas, Alamosa County, Colorado$93476133 997 $aUNINA LEADER 00982nam0 22002771i 450 001 RML0296542 005 20231121125740.0 010 $a0201028913 100 $a20121121d1980 ||||0itac50 ba 101 | $aeng 102 $aus 181 1$6z01$ai $bxxxe 182 1$6z01$an 200 1 $aDigital control of dynamic systems$fGene F. Franklin, J. David Powell 210 $aReading $cAddison Wesley $d1980 215 $aXVI,336 p.$d24 cm. 700 1$aFranklin$b, Gene F.$3RMLV170881$030436 701 1$aPowell$b, J.David$3RMLV170880$01444479 801 3$aIT$bIT-01$c20121121 850 $aIT-FR0099 899 $aBiblioteca Area Ingegneristica$bFR0099 912 $aRML0296542 950 0$aBiblioteca Area Ingegneristica$d 54DAE Fondo Ch, FRA$e 54VM 0000663235 VM barcode:BAIN002805. - Inventario:957AVM$fA $h20070212$i20121204 977 $a 54 996 $aDigital control of dynamic systems$93628987 997 $aUNICAS